|
|
|
|
| LEADER |
00000naa2a2200000 4500 |
| 001 |
108983 |
| 005 |
20231031115900.0 |
| 035 |
|
|
|a (RuTPU)RU\TPU\book\117640
|
| 090 |
|
|
|a 108983
|
| 100 |
|
|
|a 20070129d2006 k y0rusy50 ca
|
| 101 |
0 |
|
|a rus
|
| 102 |
|
|
|a RU
|
| 200 |
1 |
|
|a Настройка коэффициентов ПИД-регулятора с помощью искусственной нейронной сети
|f И. Н. Рожнёв, К. А. Евтух
|
| 320 |
|
|
|a Библиогр.: 2 назв.
|
| 463 |
|
0 |
|0 (RuTPU)RU\TPU\book\108762
|t Молодежь и современные информационные технологии
|o сборник трудов IV Всероссийской научно-практической конференции студентов, аспирантов и молодых ученых, г. Томск, 28 февраля - 2 марта 2006 г.
|f Томский политехнический университет; Молодежь и современные информационные технологии
|v С. 271-272
|d 2006
|p 418 с.
|
| 610 |
1 |
|
|a ПИД-регуляторы
|
| 610 |
1 |
|
|a настойка коэффициентов
|
| 610 |
1 |
|
|a нейронные сети
|
| 610 |
1 |
|
|a искусственные нейронные сети
|
| 610 |
1 |
|
|a программное обеспечение
|
| 610 |
1 |
|
|a труды учёных ТПУ
|
| 700 |
|
1 |
|a Рожнёв
|b И. Н.
|
| 701 |
|
1 |
|a Евтух
|b К. А.
|
| 801 |
|
1 |
|a RU
|b 63413507
|c 20070129
|g PSBO
|
| 942 |
|
|
|c BK
|